Seguridad Industrial: Un enfoque integral

Bibliographic Details
Main Author: Ramírez Cavassa, César
Format: Section = Libro
Language:Undetermined
Spanish
Published: México Limusa/Noriega 1999
Edition:2a.ed
Subjects:
LEADER 00536nam a2200205Ia 4500
008 240830s9999 xx 000 0 und d
020 |a 968-18-3856-4 
040 |a B-ESTELÍ- RUACS / 620.86 R173 
041 |a spa 
082 |a 620.86 R173 
100 1 |a Ramírez Cavassa, César 
245 1 0 |a Seguridad Industrial: Un enfoque integral 
250 |a 2a.ed 
260 |a México  |b Limusa/Noriega  |c 1999 
300 |a 506 p: il. 
650 7 |a SEGURIDAD INDUSTRIAL 
650 7 |b  ERGONOMÍA 
942 |c BK  |2 ddc 
991 |a TEXTO 
999 |c 11192